Использование критериальных соотношений в моделировании массообменных процессов, осложненных химическими реакциями; Химия, химическая технология и биотехнология на рубеже тысячелетий; Т. 1

Dades bibliogràfiques
Parent link:Химия, химическая технология и биотехнология на рубеже тысячелетий: IV Международная научная конференция, г. Томск, 11-16 сентября, 2006 г./ Томский политехнический университет (ТПУ) ; Администрация Томской области.— , 2006
Т. 1.— 2006.— С. 383-384
Autor principal: Кравцов А. В. Анатолий Васильевич
Altres autors: Самборская М. А. Марина Анатольевна, Ушакова В. А.
Idioma:rus
Publicat: 2006
Matèries:
Format: MixedMaterials Capítol de llibre
KOHA link:https://koha.lib.tpu.ru/cgi-bin/koha/opac-detail.pl?biblionumber=215251

MARC

LEADER 00000naa2a2200000 4500
001 215251
005 20231220093507.0
035 |a (RuTPU)RU\TPU\book\235152 
035 |a RU\TPU\book\235151 
090 |a 215251 
100 |a 20120507d2006 k y0rusy50 ca 
101 0 |a rus 
102 |a RU 
200 1 |a Использование критериальных соотношений в моделировании массообменных процессов, осложненных химическими реакциями  |f А. В. Кравцов, М. А. Самборская, В. А. Ушакова 
320 |a Библиогр.: 4 назв. 
461 1 |0 (RuTPU)RU\TPU\book\137209  |t Химия, химическая технология и биотехнология на рубеже тысячелетий  |o IV Международная научная конференция, г. Томск, 11-16 сентября, 2006 г.  |o в 2 т.  |o материалы  |f Томский политехнический университет (ТПУ) ; Администрация Томской области  |d 2006 
463 1 |0 (RuTPU)RU\TPU\book\136441  |t Т. 1  |v С. 383-384  |d 2006  |p 532 с. 
610 1 |a труды учёных ТПУ 
700 1 |a Кравцов  |b А. В.  |c химик-технолог  |c профессор-консультант Томского политехнического университета, доктор технических наук  |f 1938-  |g Анатолий Васильевич  |3 (RuTPU)RU\TPU\pers\19827 
701 1 |a Самборская  |b М. А.  |c химик-технолог  |c доцент Томского политехнического университета, кандидат химических наук  |f 1960-  |g Марина Анатольевна  |3 (RuTPU)RU\TPU\pers\24967  |9 11121 
701 1 |a Ушакова  |b В. А. 
801 1 |a RU  |b 63413507  |c 20120507 
801 2 |a RU  |b 63413507  |c 20120507  |g RCR 
942 |c BK